Statystyki dla Quiz dla największych fanów PSG

Kliknij tutaj aby rozwiązać quiz!

Ogólne statystyki

  • Ten quiz został rozwiązany 29 razy
  • Średni wynik to 8 z 15

Statystyki odpowiedzi

ROKZawodnik% Poprawnych
2023Kylian Mbappe
91%
2022Kylian Mbappe
91%
2021Kylian Mbappe
91%
2019Kylian Mbappe
91%
2016Zlatan Ibrahimovic
70%
2015Zlatan Ibrahimovic
70%
2014Zlatan Ibrahimovic
70%
2013Zlatan Ibrahimovic
70%
2020Neymar Jr
61%
2018Neymar Jr
61%
2017Edinson Cavani
35%
2012Nene
13%
2011Nene
13%
2010Guillaume Hoarau
0%
2009Guillaume Hoarau
0%

Rozkład punktacji

Percentyl według liczby udzielonych odpowiedzi

Procent ludzi z każdym wynikiem

Twoja historia wyników

Nie rozwiązałeś tego quizu